มุมมองปกติ
มุมมองแบบ MARC
- พระราชบัญญัติควบคุมเครื่องดื่มแอลกอฮอล์
รายการ Topical Term
001 - CONTROL NUMBER
- control field: 42672
003 - CONTROL NUMBER IDENTIFIER
- control field: NALT
005 - DATE AND TIME OF LATEST TRANSACTION
- control field: 20260217135258.0
008 - FIXED-LENGTH DATA ELEMENTS
- fixed length control field: 191118|| aca||babn | a|a d
040 ## - CATALOGING SOURCE
- Original cataloging agency: NALT
150 #4 - HEADING--TOPICAL TERM
- Topical term or geographic name entry element: พระราชบัญญัติควบคุมเครื่องดื่มแอลกอฮอล์
